Acteur mixé avec son personnage - Clic Quiz - Statistiques

Statistiques générales
  • Ce quiz a été pris 222 fois
    218 depuis la dernière actualisation
  • Le résultat moyen est 22 sur 30
Statistiques - réponses
Hint Réponse % Correct
Danny Clooney George Ocean
87%
Jack Depp Johnny Sparrow
87%
Tony Pacino Al Montana
86%
Sherlock Downey Jr. Robert Holmes
86%
Tyler Pitt Brad Durden
85%
Jack DiCaprio Leonardo Dawson
85%
Harry Radcliffe Daniel Potter
83%
Forrest Hanks Tom Gump
83%
Ethan Cruise Tom Hunt
83%
Robert Eastwood Clint Kincaid
82%
James Craig Daniel Bond
82%
Edward Pattinson Robert Cullen
81%
Hannibal Hopkins Anthony Lecter
80%
Arthur Phoenix Joaquin Fleck
78%
Han Ford Harrison Solo
77%
William Freeman Morgan Somerset
77%
John Reeves Keanu Wick
75%
Luke Hamill Mark Skywalker
72%
Bruce Bale Christian Wayne
71%
Max De Niro Robert Cady
71%
Chen Lee Bruce Zhen
70%
Bruce Ruffalo Mark Banner
70%
Bryan Neeson Liam Mills
68%
Robert Smith Will Neville
65%
John Willis Bruce McClane
63%
Norman Perkins Anthony Bates
62%
John Spacey Kevin Doe
55%
Emmett Lloyd Christopher Brown
52%
Comte Lee Christopher Dooku
43%
John Costner Kevin Dunbar
38%
Aucun quiz correspondant
Distribution des résultats
% des personnes avec chaque résultat
Percentile par nombre de réponses
Votre historique - résultats
Vous n’avez pas pris ce quiz depuis la dernière actualisation